000 00658nam a2200229Ia 4500
003 OSt
005 20220928115707.0
006 a|||||r|||| 00| 0
007 ta
008 220927b |||||||| |||| 00| 0 eng d
024 _a29586
037 _cTextual
040 _aSDCL
_cSDCL
_beng
041 _2eng
_aeng
082 _aX:9351, M1
100 _aSuri G K Ed.
_9445594
245 0 _aLinking bonus with productivity
_b Papers and proceedings of a national tripartite seminar
260 _aNew Delhi
_bShri Ram Centre
_c1981
300 _axi,317p
_ccm.
942 _hX:9351, M1
_cTEXL
_2CC
999 _c760511
_d760511